Bratz! stylin' salon 'n' spa / (Record no. 6819)

MARC details
000 -LEADER
fixed length control field 01031nam a22002657a 4500
001 - CONTROL NUMBER
control field 6819
003 - CONTROL NUMBER IDENTIFIER
control field FISKH
005 - DATE AND TIME OF LATEST TRANSACTION
control field 20250529123508.0
008 - FIXED-LENGTH DATA ELEMENTS--GENERAL INFORMATION
fixed length control field 250529b cb ||||| |||| 00| 0 eng d
020 ## - INTERNATIONAL STANDARD BOOK NUMBER
International Standard Book Number 070918006999
040 ## - CATALOGING SOURCE
Original cataloging agency FISKH
Language of cataloging eng
Transcribing agency FISKH
Modifying agency FISKH
050 ## - LIBRARY OF CONGRESS CALL NUMBER
Classification number PZ7
082 ## - DEWEY DECIMAL CLASSIFICATION NUMBER
Classification number 646.72
100 ## - MAIN ENTRY--PERSONAL NAME
Personal name Bonnell, Jennifer
245 ## - TITLE STATEMENT
Title Bratz! stylin' salon 'n' spa /
Statement of responsibility, etc. by Jennifer Bonnell
260 ## - PUBLICATION, DISTRIBUTION, ETC.
Place of publication, distribution, etc. New York :
Name of publisher, distributor, etc. Grosset & Dunlap,
Date of publication, distribution, etc. 2003
300 ## - PHYSICAL DESCRIPTION
Extent 48 pages :
Other physical details color illustrations ;
Dimensions 27 cm
505 ## - FORMATTED CONTENTS NOTE
Formatted contents note R<br/>
520 ## - SUMMARY, ETC.
Summary, etc. The Bratz pack love chilling out at the stylin' salon and spa and this book shows you how to pamper yourself, just like the Bratz girls. It includes at home spa tips, aromatherapy basics, do-it-yourself facials, manicure and pedicure steps, and recipes for lip-smackin' smoothies. The book also includes four scented aromatherapy bookmarks.
521 8# - TARGET AUDIENCE NOTE
Target audience note 660<br/>
Source Lexile estimate<br/>
521 8# - TARGET AUDIENCE NOTE
Target audience note R<br/>
Source Raz-Plus<br/>
650 ## - SUBJECT ADDED ENTRY--TOPICAL TERM
Topical term or geographic name entry element Salon
Form subdivision Spa
942 ## - ADDED ENTRY ELEMENTS (KOHA)
Source of classification or shelving scheme Dewey Decimal Classification
Koha item type Books
Suppress in OPAC No
Holdings
Withdrawn status Lost status Source of classification or shelving scheme Damaged status Not for loan Collection Home library Current library Shelving location Date acquired Total Checkouts Full call number Barcode Date due Date last seen Date last checked out Copy number Price effective from Koha item type
    Dewey Decimal Classification     Juvenile Fiction Footprints International School Library Network Toul Kork Campus Footprints International School Library Network Toul Kork Campus TK Primary Library Room(4th Floor), Bookcase 5&6, Shelves 33-56, Orange Books 05/29/2025 2 BON 646.72 PZ7 FISTK02043 05/07/2026 04/23/2026 04/23/2026 1 05/29/2025 Books